[Event "Las Vegas National op"]
[Site "Las Vegas"]
[Date "2014.06.14"]
[Round "4"]
[White "Barnett, Alexander Solomon"]
[Black "Chow, Colin"]
[Result "0-1"]
[WhiteElo "2216"]
[BlackElo "2092"]
[PlyCount "70"]
[EventDate "2014.06.13"]
[EventType "swiss"]
[EventRounds "6"]
[EventCountry "USA"]
[SourceTitle "CBM 160 Extra"]
[Source "ChessBase"]
[SourceDate "2014.07.01"]
[SourceVersion "1"]
[SourceVersionDate "2014.07.01"]
[SourceQuality "1"]

1. e4 e6 2. d4 d5 3. Nc3 Nf6 4. e5 Nfd7 5. f4 c5 6. Nf3 Nc6 7. Be3 Qb6 8. Na4 Qa5+ 9. c3 b6 10. Bd3 Ba6 11. Bc2 Rc8 12. Kf2 Bb5 13. a3 c4 14. Bd2 Qa6 15. b4 cxb3 16. Bxb3 Na5 17. Bc2 Nc4 18. Bc1 Na5 19. f5 Be7 20. Bg5 Nc4 21. fxe6 fxe6 22. Bxe7 Kxe7 23. Ra2 Rhf8 24. Nb2 Nxb2 25. Rxb2 g6 26. a4 Bc4 27. h4 Rf4 28. Qa1 Rcf8 29. Kg3 h5 30. Ng5 Rg4+ 31. Kh3 Bd3 32. Qa3+ Kd8 33. Nxe6+ Kc8 34. Qd6 Rf3+ 35. gxf3 Bf1+ 0-1

[Event "Wch U14"]
[Site "Al Ain"]
[Date "2013.12.27"]
[Round "10"]
[White "Turar, Dastan"]
[Black "Chow, Colin"]
[Result "0-1"]
[WhiteElo "1890"]
[BlackElo "2114"]
[PlyCount "124"]
[EventDate "2013.12.18"]
[EventType "swiss"]
[EventRounds "11"]
[EventCountry "UAE"]
[SourceTitle "CBM 158 Extra"]
[Source "ChessBase"]
[SourceDate "2014.02.28"]
[SourceVersion "1"]
[SourceVersionDate "2014.02.28"]
[SourceQuality "1"]

1. d4 e6 2. c4 Nf6 3. Nc3 Bb4 4. Nf3 c5 5. g3 cxd4 6. Nxd4 0-0 7. Bg2 d5 8. cxd5 Nxd5 9. Qb3 Nc6 10. Nxc6 bxc6 11. a3 Bxc3+ 12. bxc3 Ba6 13. Bd2 Nb6 14. Rd1 Nc4 15. Bf4 Qc8 16. Bh3 Kh8 17. Rd4 Nb6 18. Be5 c5 19. Rh4 f5 20. c4 Qc6 21. Rg1 Rad8 22. f3 Nxc4 23. Rxc4 Qd5 24. Qc3 Bxc4 25. Bxg7+ Kg8 26. Kf2 Qd2 27. Qxc4 Kxg7 28. g4 f4 29. Qxc5 Qd4+ 30. Qxd4+ Rxd4 31. g5 e5 32. Rc1 Rf7 33. Rc5 e4 34. fxe4 Rxe4 35. Bg2 Re3 36. a4 Kg6 37. Bf3 Rf5 38. Rc6+ Kxg5 39. Rc7 Ra5 40. Rxh7 Rxa4 41. h4+ Kg6 42. Rc7 Re6 43. Kg2 a5 44. Ra7 Ra3 45. Kf2 Ra1 46. h5+ Kh6 47. Rf7 Kg5 48. Rg7+ Kh6 49. Rf7 Ra4 50. Ra7 Rf6 51. Bg4 Ra1 52. Kf3 Rg1 53. Bd7 Rg7 54. Ke4 Rd6 55. Rxa5 Rdxd7 56. Kxf4 Rdf7+ 57. Ke3 Rg5 58. Ra1 Rxh5 59. Re1 Rh4 60. Kd3 Rd7+ 61. Kc3 Re4 62. e3 Re8 0-1

[Event "Wch U14"]
[Site "Al Ain"]
[Date "2013.12.21"]
[Round "4"]
[White "Ooi, Zhi Yang"]
[Black "Chow, Colin"]
[Result "1-0"]
[WhiteElo "1803"]
[BlackElo "2114"]
[PlyCount "67"]
[EventDate "2013.12.18"]
[EventType "swiss"]
[EventRounds "11"]
[EventCountry "UAE"]
[SourceTitle "CBM 158 Extra"]
[Source "ChessBase"]
[SourceDate "2014.02.28"]
[SourceVersion "1"]
[SourceVersionDate "2014.02.28"]
[SourceQuality "1"]

1. c4 Nf6 2. Nc3 e5 3. g3 d5 4. cxd5 Nxd5 5. Bg2 Nb6 6. Nf3 Nc6 7. 0-0 Be7 8. d3 0-0 9. Bd2 Re8 10. Rc1 Bg4 11. Ne4 h6 12. h3 Bh5 13. a3 f5 14. Nc5 Bxc5 15. Rxc5 Qd6 16. b4 Rad8 17. Be3 e4 18. Nh4 Ne7 19. Bf4 Qe6 20. Bxc7 exd3 21. Bxd8 Bxe2 22. Re1 Rxd8 23. Qd2 Nc4 24. Rxc4 Qxc4 25. Rxe2 dxe2 26. Qxd8+ Kh7 27. Qd2 Nc6 28. Nxf5 Ne5 29. Ne3 Qd3 30. Qxd3+ Nxd3 31. Nc2 e1Q+ 32. Nxe1 Nxe1 33. Be4+ g6 34. Kf1 1-0

[Event "Wch U14"]
[Site "Al Ain"]
[Date "2013.12.19"]
[Round "2"]
[White "Catur, Adi Sagita"]
[Black "Chow, Colin"]
[Result "1-0"]
[WhiteElo "1879"]
[BlackElo "2114"]
[PlyCount "73"]
[EventDate "2013.12.18"]
[EventType "swiss"]
[EventRounds "11"]
[EventCountry "UAE"]
[SourceTitle "CBM 158 Extra"]
[Source "ChessBase"]
[SourceDate "2014.02.28"]
[SourceVersion "1"]
[SourceVersionDate "2014.02.28"]
[SourceQuality "1"]

1. Nf3 Nf6 2. g3 e6 3. Bg2 Be7 4. 0-0 0-0 5. d3 d5 6. Nbd2 c5 7. e4 Nc6 8. e5 Nd7 9. Re1 Qc7 10. Qe2 b5 11. Nf1 b4 12. Bf4 Ba6 13. h4 Qb6 14. Ne3 Nd4 15. Nxd4 cxd4 16. Ng4 Rfc8 17. h5 Rc6 18. Qd2 Rac8 19. Rac1 b3 20. c3 Nc5 21. Bg5 Qd8 22. Bxe7 Qxe7 23. h6 g6 24. cxd4 Nxd3 25. Rxc6 Rxc6 26. Ra1 Qc7 27. Qg5 Rc1+ 28. Kh2 Qc8 29. Nf6+ Kf8 30. Nxh7+ Ke8 31. Nf6+ Kf8 32. Rxc1 Qxc1 33. h7 Kg7 34. h8Q+ Kxh8 35. Qh4+ Kg7 36. Qh7+ Kf8 37. Qg8+ 1-0

[Event "Wch U14"]
[Site "Al Ain"]
[Date "2013.12.18"]
[Round "1"]
[White "Chow, Colin"]
[Black "Bennett, Owen"]
[Result "1-0"]
[WhiteElo "2114"]
[BlackElo "1695"]
[PlyCount "57"]
[EventDate "2013.12.18"]
[EventType "swiss"]
[EventRounds "11"]
[EventCountry "UAE"]
[SourceTitle "CBM 158 Extra"]
[Source "ChessBase"]
[SourceDate "2014.02.28"]
[SourceVersion "1"]
[SourceVersionDate "2014.02.28"]
[SourceQuality "1"]

1. e4 c5 2. Nf3 e6 3. d4 cxd4 4. Nxd4 Nf6 5. Nc3 Nc6 6. Ndb5 Bb4 7. a3 Bxc3+ 8. Nxc3 d5 9. exd5 exd5 10. Bd3 Bg4 11. f3 Be6 12. 0-0 0-0 13. Ne2 Re8 14. b3 Qb6+ 15. Kh1 Nd7 16. Bb2 Rad8 17. Nd4 Kh8 18. Nxe6 fxe6 19. f4 Nf6 20. Qe1 d4 21. Qh4 h6 22. Bg6 Re7 23. Bc1 Ng8 24. f5 Rd5 25. f6 gxf6 26. Bxh6 Nxh6 27. Qxh6+ Kg8 28. Rxf6 Qd8 29. Bf7+ 1-0

[Event "Auburn Power op 1st"]
[Site "Auburn Hills"]
[Date "2012.11.04"]
[Round "4"]
[White "Chow, Colin"]
[Black "Zildzic, Kenan"]
[Result "0-1"]
[WhiteElo "2072"]
[BlackElo "2221"]
[PlyCount "66"]
[EventDate "2012.11.02"]
[EventType "swiss"]
[EventRounds "5"]
[EventCountry "USA"]
[SourceTitle "EXT 2014"]
[Source "ChessBase"]
[SourceDate "2013.11.20"]
[SourceVersion "1"]
[SourceVersionDate "2013.11.20"]
[SourceQuality "1"]

1. e4 e5 2. Nf3 Nc6 3. Bb5 a6 4. Ba4 d6 5. 0-0 Bg4 6. h3 h5 7. c3 Qf6 8. Bxc6+ bxc6 9. d4 Bxf3 10. Qxf3 Qxf3 11. gxf3 Ne7 12. f4 exf4 13. Bxf4 g5 14. Be3 f5 15. exf5 Nxf5 16. Nd2 Be7 17. Rae1 Kd7 18. Kh2 Rag8 19. Rg1 g4 20. Bf4 Rf8 21. Re4 Rh7 22. c4 d5 23. cxd5 cxd5 24. Ree1 Nxd4 25. Be3 Bd6+ 26. Kg2 Nf5 27. hxg4 hxg4 28. Rh1 Rhf7 29. Rhf1 Nh4+ 30. Kh1 Rh7 31. Rg1 Nf3+ 32. Kg2 Rh2+ 33. Kf1 Nxd2+ 0-1